00514nam a2200157 i 450000100060000000300090000600500170001500700030003200800410003510000200007624501270009626000600022330000220028370000300030585200210033552787ES-MaACL20230906162638.0t|030904s1934 sp ||||1| spa d1 aDecroly, Ovide.10aPsicología aplicada a la educación / cO. Decroly ; traducción del francés y prólogo de Jacobo Orellana Garrido. aMadrid : bFrancisco Beltrán, c1934 (fImp. Torrent) a278 p. ; c19 cm.1 aOrellana Garrido, Jacobo. aES-MaACLjA-2719